One Percenters (Population) - Statistics

General Stats
  • This quiz has been taken 46 times
    15 since last reset
  • The average score is 12 of 19
Answers on the Grid
Answers color-coded by a green-red scale on the quiz's grid according to % correct below.
India
China
USA
Indonesia
Pakistan
Nigeria
Brazil
Bangladesh
Russia
Mexico
Japan
Phillipines
DR Congo
Ethiopia
Egypt
Vietnam
Iran
Turkey
Germany
Thailand
United Kingdom
France
Italy
Tanzania
South Africa
Kenya
Myanmar
South Korea
Spain
Colombia
Uganda
Sudan
 
Answer Stats
Answer % Correct
2.9% Pakistan
91%
1.8% Russia
91%
4.2% USA
91%
2.1% Bangladesh
82%
2.6% Brazil
82%
17.2% China
82%
17.3% India
82%
1.5% Japan
82%
2.7% Nigeria
82%
1.3% Egypt
73%
3.5% Indonesia
73%
1.6% Mexico
73%
1.4% Phillipines
55%
1.4% DR Congo
45%
1.4% Ethiopia
45%
1.2% Vietnam
45%
1.0% Germany
27%
1.0% Iran
18%
1.0% Turkey
18%
No matching quizzes found
Score Distribution
Percent of People with Each Score
Percentile by Number Answered
Your Score History
You have not taken this quiz since the last reset